<?xml version="1.0" encoding="UTF-8"?>
<record
    xmlns:xsi="http://www.w3.org/2001/XMLSchema-instance"
    xsi:schemaLocation="http://www.loc.gov/MARC21/slim http://www.loc.gov/standards/marcxml/schema/MARC21slim.xsd"
    xmlns="http://www.loc.gov/MARC21/slim">

  <leader>01234nam a2200277 i 4500</leader>
  <controlfield tag="001">175677</controlfield>
  <controlfield tag="003">ES-MaACL</controlfield>
  <controlfield tag="005">20251120063149.0</controlfield>
  <controlfield tag="007">t|</controlfield>
  <controlfield tag="008">101116s1943    sp           ||||1| spa d</controlfield>
  <datafield tag="080" ind1=" " ind2=" ">
    <subfield code="a">929 Ildefonso, Santo</subfield>
  </datafield>
  <datafield tag="100" ind1="0" ind2=" ">
    <subfield code="a">Mart&#xED;nez de Toledo, Alfonso,  </subfield>
    <subfield code="c">Arcipreste de Talavera</subfield>
    <subfield code="9">78034</subfield>
  </datafield>
  <datafield tag="245" ind1="1" ind2="0">
    <subfield code="a">San Ildefonso de Toledo a trav&#xE9;s de la pluma del Arcipreste de Talavera / </subfield>
    <subfield code="c">estudio y edici&#xF3;n cr&#xED;tica de la Vida de San Ildefonso y de la traducci&#xF3;n del tratado De perpetua virginitate sanctae Mariae contra tres infideles, por el Arcipreste de Talavera, por Jos&#xE9; Madoz.</subfield>
  </datafield>
  <datafield tag="260" ind1=" " ind2=" ">
    <subfield code="a">Madrid : </subfield>
    <subfield code="b">Patronato Raimundo Lulio : </subfield>
    <subfield code="b">Instituto Francisco Su&#xE1;rez,</subfield>
    <subfield code="c">1943.</subfield>
  </datafield>
  <datafield tag="300" ind1=" " ind2=" ">
    <subfield code="a">194 p. ; </subfield>
    <subfield code="c">25 cm.</subfield>
  </datafield>
  <datafield tag="490" ind1="1" ind2=" ">
    <subfield code="a">Biblioteca de antiguos escritores cristianos espa&#xF1;oles ; </subfield>
    <subfield code="v">2</subfield>
  </datafield>
  <datafield tag="500" ind1=" " ind2=" ">
    <subfield code="a">&#xCD;ndices.</subfield>
  </datafield>
  <datafield tag="504" ind1=" " ind2=" ">
    <subfield code="a">Bibliograf&#xED;a: p. 188-190.</subfield>
  </datafield>
  <datafield tag="600" ind1="0" ind2="4">
    <subfield code="a">Ildefonso, </subfield>
    <subfield code="c">Santo</subfield>
    <subfield code="9">65173</subfield>
  </datafield>
  <datafield tag="700" ind1="1" ind2=" ">
    <subfield code="a">Madoz, Jos&#xE9;.</subfield>
    <subfield code="9">143958</subfield>
  </datafield>
  <datafield tag="710" ind1="0" ind2=" ">
    <subfield code="a">Patronato Raimundo Lulio (Madrid)</subfield>
    <subfield code="9">6198</subfield>
  </datafield>
  <datafield tag="710" ind1="2" ind2=" ">
    <subfield code="a">Instituto "Francisco Su&#xE1;rez"</subfield>
    <subfield code="9">5062</subfield>
  </datafield>
  <datafield tag="830" ind1="0" ind2=" ">
    <subfield code="a">Biblioteca de antiguos escritores cristianos espa&#xF1;oles ; </subfield>
    <subfield code="v">2</subfield>
    <subfield code="9">189822</subfield>
  </datafield>
  <datafield tag="852" ind1=" " ind2=" ">
    <subfield code="a">ES-MaACL</subfield>
    <subfield code="j">E-13541 </subfield>
    <subfield code="x">Olim P-780</subfield>
  </datafield>
  <datafield tag="999" ind1=" " ind2=" ">
    <subfield code="c">175677</subfield>
    <subfield code="d">175677</subfield>
  </datafield>
  <datafield tag="952" ind1=" " ind2=" ">
    <subfield code="0">0</subfield>
    <subfield code="1">0</subfield>
    <subfield code="4">0</subfield>
    <subfield code="7">0</subfield>
    <subfield code="a">ATENEOM</subfield>
    <subfield code="b">ATENEOM</subfield>
    <subfield code="c">DEPO2</subfield>
    <subfield code="d">2010-11-16</subfield>
    <subfield code="e">SC</subfield>
    <subfield code="l">0</subfield>
    <subfield code="o">E-13541</subfield>
    <subfield code="p">1184478</subfield>
    <subfield code="r">2023-02-23 00:00:00</subfield>
    <subfield code="w">2023-02-23</subfield>
    <subfield code="y">MONOGRAFIA</subfield>
  </datafield>
</record>
